Lo femenino y lo masculino en la vida cotidiana. Mesa redonda /

Kaydedildi:
Detaylı Bibliyografya
Yazar: Vega Robles, Isabel
Materyal Türü: Bilinmiyor
Baskı/Yayın Bilgisi: San José: UCR. FCS. IIP
Etiketler: Etiketle
Etiket eklenmemiş, İlk siz ekleyin!

MARC

LEADER 00000 a2200000 04500
001 12025
003
008 991231s d
040
090 |a 141602  
100 |a Vega Robles, Isabel  
245 |a Lo femenino y lo masculino en la vida cotidiana. Mesa redonda /  |c Isabel Vega Robles 
260 |a San José:   |b UCR. FCS. IIP  
300 |a 45 p.  
999 |c 3006  |d 3006